| 000 | 00697nam a2200229 a 4500 | ||
|---|---|---|---|
| 001 | 72486 | ||
| 003 | (BD-RjUL)72704 | ||
| 005 | 20211209082251.0 | ||
| 008 | 170520b xxu||||| |||| 00| 0 eng d | ||
| 020 | _a0060453346 | ||
| 035 | _a(BD-RjUL)72704 | ||
| 040 |
_aBD-RjUL _beng _cBD-RjUL |
||
| 041 | _aeng | ||
| 082 |
_223 _a572 _bLIP 1983 |
||
| 100 |
_aRobert Lindquist _9214382 |
||
| 245 |
_aProblems/solutions guide to accompany Rawn : _b Biochemistry _c Lindquist, Robert |
||
| 260 |
_aCambridge : _b Harper & Row, _c©1983. |
||
| 300 |
_a296 p. : _b ill. ; _c 29 cm |
||
| 650 |
_a Biochemistry _xProblems, exercises, etc. _9166007 |
||
| 700 |
_aRawn, J David _9205120 |
||
| 942 |
_2ddc _cBK |
||
| 999 |
_c72486 _d72486 |
||